Obras completas de D. Angel de Saavedra, Duque de Rivas... / (Record no. 163581)

MARC details
000 -LEADER
campo de control de longitud fija 01417nam a22002295i 4500
001 - NÚMERO DE CONTROL
campo de control 163581
003 - IDENTIFICADOR DE NÚMERO DE CONTROL
campo de control ES-MaACL
005 - FECHA Y HORA DE LA ÚLTIMA TRANSACCIÓN
campo de control 20250927162554.0
008 - DATOS DE LONGITUD FIJA--INFORMACIÓN GENERAL
campo de control de longitud fija 951113m18941904sp ax |||| | spa d
040 ## - FUENTE DE CATALOGACIÓN
Centro catalogador/agencia de origen AS
Lengua de catalogación spa
Centro/agencia transcriptor CCPB | SIC
100 1# - ENTRADA PRINCIPAL--NOMBRE DE PERSONA
Nombre de persona Rivas, Ángel de Saavedra,
Títulos y otros términos asociados al nombre Duque de,
Fechas asociadas al nombre 1791-1865
9 (RLIN) 97550
245 10 - MENCIÓN DEL TÍTULO
Título Obras completas de D. Angel de Saavedra, Duque de Rivas... /
Mención de responsabilidad, etc. coleccionadas de nuevo por su hijo Enrique R. de Saavedra.
260 ## - PUBLICACIÓN, DISTRIBUCIÓN, ETC.
Lugar de publicación, distribución, etc. Madrid :
Nombre del editor, distribuidor, etc. [s.n.],
Fecha de publicación, distribución, etc. 1894-1904 (
Fabricante Estab. tip. "Sucesores de Rivadeneyra")
300 ## - DESCRIPCIÓN FÍSICA
Extensión 7 v. ;
Dimensiones 17 cm.
490 1# - MENCIÓN DE SERIE
Mención de serie Colección de Escritores Castellanos ;
Designación de volumen o secuencia 105, 108, 113, 115, 117, 120 y 124
505 8# - NOTA DE CONTENIDO CON FORMATO
Nota de contenido con formato T. I. Prólogo ; Biografía ; Poesías varias ; El paso honroso, poema caballeresco ([1] h. de lám., XXXII, 486 p.) -- T. II. Poesías varias ; Florinda, poema (497 p.) -- T. III. El moro expósito (XXXV, 547 p.) -- T. IV. Romances históricos (XXIX, 442 p.) -- T. V. Tragedias y leyendas (428 p.) -- T. VI. Dramas y comedias (401 p.) -- T. VII. Dramas y comedias (505 p.)
599 #1 - NOTA A LAS ILUSTRACIONES
NOTA A LAS ILUSTRACIONES La h. de lám. es un grab. calc. "B. Maura gbó. 1894", retrato del Duque de Rivas.
700 1# - ENTRADA AGREGADA--NOMBRE PERSONAL
Nombre de persona Rivas, Enrique Ramírez de Saavedra y Cueto,
Títulos y otros términos asociados al nombre Duque de,
Fechas asociadas al nombre 1826-1914
9 (RLIN) 97556
830 0# - PUNTO DE ACCESO ADICIONAL DE SERIE-TÍTULO UNIFORME
Título uniforme Colección de Escritores Castellanos ;
Designación de volumen o secuencia 105, 108, 113, 115, 117, 120 y 124
9 (RLIN) 180741
852 ## - LOCALIZACIÓN
Ubicación ES-MaACL
Número de control de estantería F-12661-67
Nota libre -- Enc. hol.
Holdings
Estatus retirado Estado de pérdida Estado de daño No para préstamo Colección Biblioteca de origen Biblioteca actual Ubicación en estantería Fecha de adquisición Total de préstamos Signatura topográfica completa Código de barras Visto por última vez Precio de reemplazo Tipo de ítem Koha
        Libros del s. XIX Biblioteca del Ateneo de Madrid Biblioteca del Ateneo de Madrid Sala Pecera Planta 2 17/01/2008   F-12661-67 1171419 23/02/2023 23/02/2023 Libro impreso antiguo